000 00410nam a2200157Ia 4500
003 GCL
008 140319s9999 xx 000 0 eng d
040 _aGCL /
_cGCL
082 0 4 _a658.8342
_bW C
100 1 _aWILKIE, WILLIAM
245 1 0 _aCONSUMER BEHAVIOUR /
_cWILKIE, WILLIAM
260 _a[S.N] :
_bJOHN WILEY AND SONS. INC ،
_c1990
300 _a119 P
650 0 4 _aCONSUMER BEHAVIOR
942 _2ddc
_cBK
999 _c20190
_d20190